00736nas a2200229Ia 4500001001200000003001000012008004100022040002500063041001300088100002400101210001500125222001500140245005700155250001100212260000900223501012300232300001400355362001700369500007400386650003500460700001100495dg74-33714 IT-MiCISF161014c99999999xx |||||||||||| ||und|| aIT-MiCISFcIT-MiCISF aITALIANO aParlamento italiano aLex et jus aLex et jus 0aAdozione internazionale. Legge n. 476 del 31.12.1998 a1a ed. c1999 bCISF - Centro Internazionale Studi Famiglia - Via Giotto, 36 20145 MILANO (non commercial uses only)cCopyright 2016 app. 24-31 a n. 1 [1999] acon un commento di Cedrangolo U. Tema: adozione-internazionale, legge aADOZIONE, AFFIDOvlegislazione aAA.VV.